000 00822cad a22002055a 4500
001 E148059
008 090720e20090716xxk 000 0 eng d
035 _a(Sirsi) u148059
041 0 _aeng
100 1 _aHealey, John
245 0 0 _aEco-towns and zero carbon homes
_h[electronic resource]
260 _c2009
520 _aDiscusses the government's commitment to make all new homes zero carbon from 2016, and sets out details of further policies which will help to achieve this target.
590 _aKA NTK
650 2 4 _aECO-TOWNS
651 4 _aEngland and Wales
_y1543-
690 _aENVIRONMENTAL AND LAND CONSULTANCY-SUSTAINABILITY-SUSTAINABLE DEVELOPMENT
856 4 0 _uhttps://www.communities.gov.uk/statements/corporate/ecozerohomes
_zView the article free of charge at www.communities.gov.uk...
942 _n0
999 _c81710
_d81710